| 000 | 00618nam a2200205 i 4500 | ||
|---|---|---|---|
| 001 | 85929 | ||
| 003 | ES-MaACL | ||
| 005 | 20230906175334.0 | ||
| 007 | t| | ||
| 008 | 041202s1961 sp a |||| | spa d | ||
| 080 | _a663.864 | ||
| 100 | 1 |
_aKahn, E. J. _967419 |
|
| 245 | 1 | 3 |
_aLa gran bebida _b: historia de Coca-Cola / _cE.J. Kahn ; [versión española de Marcelo Miralles Casas]. |
| 246 | 3 | 0 | _aHistoria de Coca-Cola |
| 260 |
_aBarcelona : _bBruguera, _c[1961] |
||
| 300 |
_a189 p. : _bil. ; _c22 cm. |
||
| 650 | 4 |
_aBebidas gaseosas. _9150010 |
|
| 700 | 1 |
_aMiralles, Marcelo. _981496 |
|
| 852 |
_aES-MaACL _jC-20394 |
||
| 999 |
_c85929 _d85929 |
||